00729nam a2200241 a 4500001001300000003000900013005001700022008004100039020002300080082001300103100002500116245006500141260003800206300000900244500003500253505001000288650001600298700002500314902000800339942000700347952011600354999001700470nice12345678IN_TiNIC20260116015010.0050524s1986 ohia grp 000 0 eng  a0867161 c10000a232bFOL aFoley, Leonard O F M aBelieving in Jesus, a Popular Overview of the Catholic Faith aOhio (USAbSt.Anthony Pressc1986 a224p aincludes index and biblioraphy2 aIndex aChristology1 aFoley, Leonard O F M bSRS cBK 001040708StackRoom-aHMIbHMId2007-06-15g100.00l0o232 FOLp11001517r2007-06-15v100.00w2005-05-24yBK c17901d17901